[Event "Damhusmesterskabet Gruppe B 2013"]
[Site "Rodovre"]
[Date "2013.09.03"]
[Round "1"]
[White "Nielsen, Jorgen Holmstrom"]
[Black "Gemzoe, Bjorn"]
[Result "1-0"]
[WhiteElo "1475"]
[BlackElo "1342"]
[PlyCount "73"]
[EventDate "2013.??.??"]

1. Nc3 g6 2. Nf3 Bg7 3. d3 Bxc3+ 4. bxc3 d5 5. g3 Nc6 6. Bg2 e5 7. O-O Bg4 8.
Bb2 Qd7 9. c4 d4 10. c3 Bxf3 11. Bxf3 O-O-O 12. Qb3 Na5 13. Qb4 Nc6 14. Qa4 a6
15. Rab1 Na7 16. Qb3 c6 17. cxd4 Qc7 18. dxe5 Nh6 19. e6 Rhe8 20. Be5 Qe7 21.
Bf6 Qc7 22. Bxd8 Rxd8 23. exf7 Nxf7 24. Bg4+ Kb8 25. f4 h5 26. Bh3 Ka8 27. f5
g5 28. f6 g4 29. Bg2 Rb8 30. d4 Qd6 31. d5 Qc5+ 32. Kh1 b5 33. dxc6 Nxc6 34.
cxb5 Rxb5 35. Qxf7 Rxb1 36. Rxb1 Qb5 37. Qe8+ 1-0

[Event "Damhusmesterskabet Gruppe B 2013"]
[Site "Rodovre"]
[Date "2013.09.03"]
[Round "1"]
[White "Makholm, Jesper"]
[Black "Petersen, Flemming"]
[Result "0-1"]
[WhiteElo "1381"]
[BlackElo "1650"]
[PlyCount "56"]
[EventDate "2013.??.??"]

1. e4 e5 2. Nf3 Nc6 3. Bc4 Bc5 4. b4 Bxb4 5. c3 Ba5 6. O-O Nf6 7. Re1 O-O 8.
Ba3 d6 9. Bb5 Bb6 10. d4 exd4 11. cxd4 Bg4 12. Bxc6 bxc6 13. e5 Re8 14. exf6
Rxe1+ 15. Qxe1 Bxf3 16. gxf3 Qxf6 17. Bb2 c5 18. Qe4 Rb8 19. Nd2 Qg5+ 20. Kf1
Qxd2 21. Re1 h6 22. Re2 Qg5 23. f4 Qg4 24. f3 Qh3+ 25. Rg2 cxd4 26. Bxd4 Bxd4
27. Qxd4 Qxf3+ 28. Kg1 Rb1+ 0-1

[Event "Damhusmesterskabet Gruppe B 2013"]
[Site "Rodovre"]
[Date "2013.09.03"]
[Round "1"]
[White "Wisal, Zoran"]
[Black "Hardarson, Gisli"]
[Result "1/2-1/2"]
[WhiteElo "1332"]
[BlackElo "1592"]
[PlyCount "58"]
[EventDate "2013.??.??"]

1. d4 Nf6 2. c4 c6 3. Nc3 d5 4. e3 g6 5. Nf3 Bg7 6. cxd5 cxd5 7. Ne5 O-O 8. Be2
Nc6 9. Ng4 Bf5 10. Nxf6+ Bxf6 11. Bf3 Be6 12. a3 Rc8 13. O-O Bg7 14. Qb3 Na5
15. Qb5 a6 16. Qe2 Nb3 17. Ra2 f5 18. Qd1 Nxc1 19. Qxc1 g5 20. Qd1 g4 21. Be2
b5 22. Re1 Qd6 23. Ra1 h5 24. f4 h4 25. Bf1 Bf7 26. Bd3 Bh5 27. Be2 Be8 28. Rc1
Qe6 29. Bd3 Qf7 1/2-1/2

[Event "Damhusmesterskabet Gruppe B 2013"]
[Site "Rodovre"]
[Date "2013.09.10"]
[Round "2"]
[White "Gemzoe, Bjorn"]
[Black "Makholm, Jesper"]
[Result "0-1"]
[WhiteElo "1342"]
[BlackElo "1381"]
[PlyCount "98"]
[EventDate "2013.??.??"]

1. e4 c5 2. c4 Nc6 3. g3 Nf6 4. Bg2 g6 5. d3 e5 6. Nc3 d6 7. h3 Bg7 8. Nf3 O-O
9. Nd5 a6 10. Bd2 b5 11. b3 Nxd5 12. cxd5 Nd4 13. Bc3 b4 14. Bb2 f5 15. O-O
fxe4 16. dxe4 Nxf3+ 17. Bxf3 Bxh3 18. Bg2 Bd7 19. Qd2 Bb5 20. Rfe1 Qf6 21. a4
Bd7 22. f4 Qe7 23. Rf1 Bh6 24. Rf2 Rf7 25. Raf1 Raf8 26. Bc1 Bc8 27. Qd3 a5 28.
Be3 Qa7 29. Re1 exf4 30. gxf4 Bxf4 31. Qd2 Bxe3 32. Qxe3 Rxf2 33. e5 Qe7 34. e6
R2f5 35. Bh3 Re5 36. Qd2 Rxe1+ 37. Qxe1 Qg5+ 38. Kh1 Bb7 39. Bg2 Re8 40. e7 Qf6
41. Bh3 Bxd5+ 42. Bg2 Bxg2+ 43. Kxg2 Rxe7 44. Qd2 Re4 45. Qd5+ Qe6 46. Qa8+ Kg7
47. Qb7+ Kh6 48. Kf3 Qf5+ 49. Kg3 Rg4+ 0-1

[Event "Damhusmesterskabet Gruppe B 2013"]
[Site "Rodovre"]
[Date "2013.09.10"]
[Round "2"]
[White "Hardarson, Gisli"]
[Black "Helleshoj, Knud Erik"]
[Result "1-0"]
[WhiteElo "1592"]
[BlackElo "1601"]
[PlyCount "43"]
[EventDate "2013.??.??"]

1. d4 d5 2. c4 c6 3. cxd5 cxd5 4. Nf3 Nc6 5. Nc3 e6 6. Bf4 Nf6 7. e3 a6 8. a3
h6 9. h4 Bd6 10. Ne5 Bxe5 11. Bxe5 Nxe5 12. dxe5 Nd7 13. f4 Qb6 14. Rh3 Nc5 15.
b4 Nd7 16. Rg3 O-O 17. Qg4 g6 18. Bd3 h5 19. Qg5 Kg7 20. Bxg6 Qd8 21. Qxh5 Rh8
22. Bxf7+ 1-0

[Event "Damhusmesterskabet Gruppe B 2013"]
[Site "Rodovre"]
[Date "2013.09.17"]
[Round "3"]
[White "Makholm, Jesper"]
[Black "Wisal, Zoran"]
[Result "0-1"]
[WhiteElo "1381"]
[BlackElo "1332"]
[PlyCount "38"]
[EventDate "2013.??.??"]

1. e4 b6 2. c4 Bb7 3. Nc3 e6 4. Nf3 Nf6 5. d3 Be7 6. g3 d5 7. e5 Ng4 8. Bh3 h5
9. cxd5 Bxd5 10. Bxg4 hxg4 11. Qa4+ Nc6 12. Nxd5 Qxd5 13. Qxg4 Nxe5 14. Nxe5
Qxh1+ 15. Ke2 Bf6 16. Nf3 O-O-O 17. d4 Rxh2 18. Nxh2 Rxd4 19. Qh5 Qd1+ 0-1

[Event "Damhusmesterskabet Gruppe B 2013"]
[Site "Rodovre"]
[Date "2013.10.01"]
[Round "5"]
[White "Makholm, Jesper"]
[Black "Wadtland, Flemming"]
[Result "0-1"]
[WhiteElo "1381"]
[BlackElo "1408"]
[PlyCount "72"]
[EventDate "2013.??.??"]

1. e4 c6 2. d4 d5 3. e5 Bf5 4. Bd3 Bg6 5. Nf3 e6 6. O-O Nd7 7. b3 Ne7 8. c4
Bxd3 9. Qxd3 c5 10. Ba3 dxc4 11. Qxc4 cxd4 12. Qxd4 Nc6 13. Qe3 Qb6 14. Qxb6
Nxb6 15. Bxf8 Rxf8 16. Nc3 O-O-O 17. Rad1 a6 18. Rd6 Kc7 19. Rfd1 Nc8 20. Rxd8
Rxd8 21. Rxd8 Kxd8 22. g4 Nb6 23. Ne4 Nd7 24. Nd6 Ndxe5 25. Nxe5 Nxe5 26. Nxb7+
Kc7 27. Nc5 Kb6 28. Na4+ Ka5 29. h3 Kb4 30. f4 Nd3 31. f5 Nc1 32. a3+ Kxa3 33.
Nc5 a5 34. Nxe6 g6 35. Nd4 Nxb3 36. Nxb3 Kxb3 0-1

[Event "Damhusmesterskabet Gruppe B 2013"]
[Site "Rodovre"]
[Date "2013.10.01"]
[Round "5"]
[White "Petersen, Flemming"]
[Black "Wisal, Zoran"]
[Result "1/2-1/2"]
[WhiteElo "1650"]
[BlackElo "1332"]
[PlyCount "73"]
[EventDate "2013.??.??"]

1. e4 e6 2. Nf3 b6 3. d4 Bb7 4. Bd3 h6 5. Nbd2 Nf6 6. O-O Be7 7. h3 O-O 8. Nh2
c5 9. e5 Nh7 10. c3 Ng5 11. f4 Nh7 12. Be4 Bxe4 13. Nxe4 cxd4 14. cxd4 d5 15.
Ng3 Nc6 16. f5 Nxd4 17. f6 Bc5 18. Be3 Nc2 19. Bxc5 bxc5 20. Qxc2 gxf6 21. Ng4
f5 22. Nf2 c4 23. Ne2 Qg5 24. Qc3 Rfc8 25. Nh1 Nf8 26. Rf3 Kh7 27. Rg3 Qh4 28.
Rf1 Ng6 29. Qe3 Rg8 30. Nd4 f4 31. Rxf4 Qxf4 32. Qxf4 Nxf4 33. Rf3 Nd3 34.
Rxf7+ Kg6 35. Rf6+ Kh7 36. Rf7+ Kg6 37. Rf6+ 1/2-1/2

[Event "Damhusmesterskabet Gruppe B 2013"]
[Site "Rodovre"]
[Date "2013.10.01"]
[Round "5"]
[White "Hardarson, Gisli"]
[Black "Nielsen, Jorgen Holmstrom"]
[Result "1/2-1/2"]
[WhiteElo "1592"]
[BlackElo "1475"]
[PlyCount "127"]
[EventDate "2013.??.??"]

1. e4 Nf6 2. Nc3 d5 3. e5 Ne4 4. Nce2 d4 5. c3 dxc3 6. Qa4+ Bd7 7. Qxe4 Bc6 8.
Qd4 cxd2+ 9. Bxd2 Nd7 10. Nf4 e6 11. Rc1 Qe7 12. Nd3 Nb6 13. Bb4 Qg5 14. Nh3
Bxb4+ 15. Qxb4 Qh6 16. Qf4 Qg6 17. Qg5 Qe4+ 18. Qe3 Qa4 19. a3 O-O-O 20. Nb4
Qa5 21. Qc5 Qa4 22. Be2 Nd7 23. Qc3 Qa5 24. Nxc6 Qxc3+ 25. Rxc3 bxc6 26. f4 c5
27. O-O h6 28. b4 cxb4 29. axb4 Nb6 30. Bf3 Rhe8 31. Nf2 Rd4 32. Rfc1 Re7 33.
Ra1 Kb8 34. b5 Rxf4 35. Rca3 Nc8 36. g3 Rb4 37. Bc6 f6 38. Nd3 Rc4 39. exf6
gxf6 40. Kf2 e5 41. Rc1 Rxc1 42. Nxc1 Nb6 43. Rd3 Kc8 44. Nb3 Nc4 45. g4 Nd6
46. Nc5 Rf7 47. Ra3 Kb8 48. Nd7+ Kc8 49. Rxa7 Kd8 50. Ra8+ Ke7 51. b6 cxb6 52.
Nxb6 f5 53. Ra7+ Kf6 54. Nd5+ Kg5 55. Rxf7 Nxf7 56. gxf5 Kxf5 57. Ne3+ Kf4 58.
Be8 Nd6 59. Bg6 Kg5 60. Bc2 h5 61. Kg3 Nb5 62. Nc4 Nd4 63. Be4 Ne2+ 64. Kh3
1/2-1/2

[Event "Damhusmesterskabet Gruppe B 2013"]
[Site "Rodovre"]
[Date "2013.10.15"]
[Round "5"]
[White "Henriksen, Franz"]
[Black "Bauers, Sten"]
[Result "0-1"]
[WhiteElo "1456"]
[BlackElo "1455"]
[PlyCount "26"]
[EventDate "2013.??.??"]

1. f4 e5 2. fxe5 d6 3. exd6 Bxd6 4. Nf3 Bg4 5. e4 Nc6 6. Bc4 Ne5 7. Be2 Nxf3+
8. Bxf3 Qh4+ 9. Kf1 Bd7 10. e5 Bc5 11. Qe2 Qf4 12. g3 Qf5 13. Kg2 Qh3# 0-1

[Event "Damhusmesterskabet Gruppe B 2013"]
[Site "Rodovre"]
[Date "2013.10.08"]
[Round "6"]
[White "Gemzoe, Bjorn"]
[Black "Petersen, Flemming"]
[Result "1-0"]
[WhiteElo "1342"]
[BlackElo "1650"]
[PlyCount "74"]
[EventDate "2013.??.??"]

1. e4 c5 2. d4 cxd4 3. Qxd4 Nc6 4. Qe3 e5 5. Bd2 Qc7 6. Nc3 Nf6 7. h3 h6 8. Bc4
Nd4 9. Bd3 Nh5 10. Nd5 Qc6 11. c3 Ne6 12. b4 Nef4 13. Nxf4 Nxf4 14. Bf1 b6 15.
g3 Ne6 16. Nf3 Bb7 17. Bd3 f6 18. Qe2 a6 19. Nh4 h5 20. Ng6 Rh6 21. Bxh6 Qxc3+
22. Bd2 Qxa1+ 23. Qd1 Qxd1+ 24. Kxd1 Nd4 25. Nh4 b5 26. Bc3 Rc8 27. Kd2 Kf7 28.
f4 d6 29. Bxd4 exd4 30. Rc1 Rxc1 31. Kxc1 d5 32. exd5 Bxd5 33. Bg6+ Ke6 34. a3
Bc4 35. Bxh5 Bf1 36. Bg4+ Kd5 37. Ng6 Bd6 1-0

[Event "Damhusmesterskabet Gruppe B 2013"]
[Site "Rodovre"]
[Date "2013.10.08"]
[Round "6"]
[White "Wisal, Zoran"]
[Black "Henriksen, Franz"]
[Result "1-0"]
[WhiteElo "1332"]
[BlackElo "1456"]
[PlyCount "67"]
[EventDate "2013.??.??"]

1. d4 d5 2. e3 Nf6 3. Nd2 Nc6 4. c4 dxc4 5. Nxc4 e6 6. a3 b5 7. Nd2 a6 8. Ngf3
Bb7 9. Be2 Bd6 10. b4 O-O 11. O-O Ne7 12. Nb3 Rb8 13. Nc5 Bxc5 14. dxc5 Bd5 15.
Ne5 c6 16. Bf3 Qc7 17. Bb2 Rbd8 18. Bxd5 Rxd5 19. Nd3 Rfd8 20. Bxf6 gxf6 21.
Qg4+ Rg5 22. Qe2 Kh8 23. f4 Rg6 24. Nf2 Rdg8 25. g3 e5 26. Ne4 exf4 27. exf4
Nd5 28. Qb2 Nxf4 29. Nxf6 Rxg3+ 30. hxg3 Nh3+ 31. Kh1 Rg7 32. Ne8 Qxg3 33.
Qxg7+ Qxg7 34. Nxg7 1-0

[Event "Damhusmesterskabet Gruppe B 2013"]
[Site "Rodovre"]
[Date "2013.10.08"]
[Round "6"]
[White "Makholm, Jesper"]
[Black "Hardarson, Gisli"]
[Result "0-1"]
[WhiteElo "1381"]
[BlackElo "1592"]
[PlyCount "64"]
[EventDate "2013.??.??"]

1. e4 e6 2. c4 b6 3. Nc3 c5 4. Nf3 Nc6 5. b3 g6 6. Bb2 Bg7 7. Qc2 Nf6 8. Nb5
O-O 9. Nd6 Qe7 10. Qd3 Nb4 11. Qc3 Ne8 12. Nxc8 Rxc8 13. Qc1 d5 14. e5 d4 15.
d3 Qc7 16. Be2 Bxe5 17. Nxe5 Qxe5 18. Qd2 f5 19. O-O Nf6 20. Rfe1 Qd6 21. a3
Nc6 22. Bf3 e5 23. Re2 Rc7 24. Rae1 Re7 25. Bxc6 Qxc6 26. Rxe5 Rxe5 27. Rxe5
Ng4 28. Rd5 Re8 29. g3 Nf6 30. Rxf5 gxf5 31. Qg5+ Kf7 32. Qd2 Qf3 0-1